Reactor design for chemical engineers (Record no. 79961)
[ view plain ]
| 000 -LEADER | |
|---|---|
| fixed length control field | 00910nam a2200217 a 4500 |
| 008 - FIXED-LENGTH DATA ELEMENTS--GENERAL INFORMATION | |
| fixed length control field | 120416s1999 ||||||||||||||||| || u |
| 020 ## - INTERNATIONAL STANDARD BOOK NUMBER | |
| International Standard Book Number | 0748739920 |
| 050 ## - LIBRARY OF CONGRESS CALL NUMBER | |
| Classification number | TP 155 Rea |
| 100 ## - MAIN ENTRY--PERSONAL NAME | |
| Personal name | King, M. B |
| 245 10 - TITLE STATEMENT | |
| Title | Reactor design for chemical engineers |
| Statement of responsibility, etc. | edited by J.M. Winterbottom |
| 260 ## - PUBLICATION, DISTRIBUTION, ETC. | |
| Place of publication, distribution, etc. | Cheltenham, U.K. : |
| Name of publisher, distributor, etc. | Stanley Thornes |
| Date of publication, distribution, etc. | 1999 |
| 300 ## - PHYSICAL DESCRIPTION | |
| Extent | xii, 442p. : ill. |
| 350 ## - | |
| -- | 0.00 |
| 500 ## - GENERAL NOTE | |
| General note | Bibliography |
| 650 ## - SUBJECT ADDED ENTRY--TOPICAL TERM | |
| Topical term or geographic name entry element | CHEMICAL REACTORS--DESIGN AND CONSTRUCTION |
| 650 #0 - SUBJECT ADDED ENTRY--TOPICAL TERM | |
| Topical term or geographic name entry element | CHEMISTRY--HANDBOOKS, MANUALS, ETC |
| 650 ## - SUBJECT ADDED ENTRY--TOPICAL TERM | |
| Topical term or geographic name entry element | CHEMICAL REACTORS |
| 700 ## - ADDED ENTRY--PERSONAL NAME | |
| Personal name | Winterbottom, J. M. (J. Mike) |
| 995 ## - | |
| -- | BINDERY (DAMAGED) |
| -- | 0.00 |
| -- | 731103 |
| -- | CBU-MAIN LIBRARY (Kitwe) |
| -- | 1 |
| -- | 24.00 |
| -- | TP 155 Rea |
| -- | 1 |
| -- | DAMAGED |
| -- | 028121 |
| -- | Main Library Open Access Collection |
| 995 ## - | |
| -- | BINDERY (DAMAGED) |
| -- | 0.00 |
| -- | 731526 |
| -- | CBU-MAIN LIBRARY (Kitwe) |
| -- | 2 |
| -- | 24.00 |
| -- | TP 155 Rea |
| -- | 2 |
| -- | DAMAGED |
| -- | 028591 |
| -- | Main Library Open Access Collection |
| 999 ## - | |
| -- | 79961 |
| -- | 79961 |
| Withdrawn status | Lost status | Source of classification or shelving scheme | Damaged status | Not for loan | Permanent Location | Current Location | Shelving location | Date acquired | Total Checkouts | Full call number | Barcode | Date last seen | Copy number | Price effective from | Koha item type |
|---|---|---|---|---|---|---|---|---|---|---|---|---|---|---|---|
| CBU-MAIN LIBRARY, KITWE. | CBU-MAIN LIBRARY, KITWE. | 06/29/2023 | TP 155 Rea | 028121 | 06/29/2023 | 1 | 06/29/2023 | MONOGRAPH | |||||||
| CBU-MAIN LIBRARY, KITWE. | CBU-MAIN LIBRARY, KITWE. | 06/29/2023 | TP 155 Rea | 028591 | 06/29/2023 | 2 | 06/29/2023 | MONOGRAPH |